[Event "European Youth Chess Championship B14"]
[Site "Prague, Top Hotel Prague"]
[Date "2016.08.27"]
[Round "9.24"]
[White "Tryggestad, Andreas Garberg"]
[Black "Fus, Jakub"]
[Result "1-0"]
[WhiteElo "2161"]
[BlackElo "2044"]
[PlyCount "97"]
[EventDate "2016.08.18"]

1. e4 e6 2. d4 d5 3. Nc3 Bb4 4. Qd3 Ne7 5. Nf3 O-O 6. e5 h6 7. a3 Bxc3+ 8. Qxc3
b6 9. b4 Nd7 10. Bd3 Bb7 11. O-O c6 12. Be3 Nf5 13. Bxf5 exf5 14. Qd3 f4 15.
Bxf4 Bc8 16. Bg3 b5 17. Nh4 Nb6 18. f4 f5 19. exf6 Qxf6 20. f5 Bd7 21. Ng6 Rf7
22. Bh4 Qd6 23. Ne5 Rf6 24. Bxf6 Qxf6 25. Qe3 Rf8 26. Nxd7 Nxd7 27. Qe6+ Qxe6
28. fxe6 Nf6 29. Rae1 Re8 30. g4 Re7 31. Rxf6 gxf6 32. Kf2 Re8 33. Kf3 Kf8 34.
e7+ Rxe7 35. Rxe7 Kxe7 36. Kf4 Ke6 37. h3 Ke7 38. Kf5 Kf7 39. h4 Kg7 40. Ke6
Kg6 41. c3 a6 42. Kd6 h5 43. gxh5+ Kxh5 44. Ke6 Kxh4 45. Kxf6 Kg4 46. Ke5 Kg5
47. Kd6 Kf6 48. Kxc6 Ke6 49. Kc5 1-0

[Event "European Youth Chess Championship B14"]
[Site "Prague, Top Hotel Prague"]
[Date "2016.08.27"]
[Round "9.25"]
[White "Stefansson, Vignir Vatnar"]
[Black "Oboladze, Luka"]
[Result "1-0"]
[WhiteElo "2160"]
[BlackElo "2076"]
[PlyCount "59"]
[EventDate "2016.08.18"]

1. d4 Nf6 2. Nf3 g6 3. Bg5 Ne4 4. Bh4 Bg7 5. e3 d5 6. Bd3 c5 7. O-O Nc6 8. c4
Nb4 9. cxd5 Nxd3 10. Qxd3 Qxd5 11. Nc3 Nxc3 12. bxc3 Bf5 13. Qb5+ Bd7 14. Qe2
cxd4 15. exd4 e6 16. c4 Qf5 17. Rab1 b6 18. Ne5 Bxe5 19. dxe5 g5 20. Bg3 h5 21.
f4 g4 22. Bh4 O-O 23. Rb3 b5 24. Rg3 Rfc8 25. h3 Rxc4 26. hxg4 hxg4 27. Rxg4+
Kf8 28. Bf6 Bc6 29. Rh4 Ke8 30. Rd1 1-0

[Event "European Youth Chess Championship B14"]
[Site "Prague, Top Hotel Prague"]
[Date "2016.08.27"]
[Round "9.26"]
[White "Chukavin, Kirill"]
[Black "Svanda, Ondrej"]
[Result "1/2-1/2"]
[WhiteElo "2146"]
[BlackElo "1927"]
[PlyCount "97"]
[EventDate "2016.08.18"]

1. e4 c5 2. Nf3 g6 3. d4 cxd4 4. Nxd4 Nc6 5. Be2 Bg7 6. Nb3 Nf6 7. Nc3 O-O 8.
O-O d6 9. Bg5 Be6 10. Kh1 Qc8 11. f4 Rd8 12. Bf3 h6 13. Bh4 Bc4 14. Re1 e5 15.
Nd5 Bxd5 16. exd5 Ne7 17. Bf2 Qc7 18. Rc1 e4 19. Bxe4 Nxe4 20. Rxe4 Bxb2 21.
Rb1 Bf6 22. c4 Qd7 23. Bd4 Bxd4 24. Nxd4 Re8 25. Qe2 Nf5 26. Nxf5 gxf5 27. Re3
Qa4 28. Rg3+ Kf8 29. Qb2 b6 30. Qg7+ Ke7 31. Re1+ Kd8 32. Qf6+ Kc8 33. Qxf5+
Kb7 34. Qxf7+ Ka6 35. Rg1 Qxa2 36. Qd7 Rad8 37. Qb5+ Kb7 38. Rg7+ Kb8 39. Qc6
Qa6 40. Rd7 Rxd7 41. Qxd7 Qc8 42. Qxd6+ Qc7 43. Qxc7+ Kxc7 44. g3 Kd6 45. f5
Rc8 46. f6 Rxc4 47. Rf1 Rc8 48. Ra1 Rc7 49. g4 1/2-1/2

[Event "European Youth Chess Championship B14"]
[Site "Prague, Top Hotel Prague"]
[Date "2016.08.27"]
[Round "9.27"]
[White "Bulockin, Martin"]
[Black "Kozak, Antoni"]
[Result "0-1"]
[WhiteElo "2010"]
[BlackElo "2102"]
[PlyCount "124"]
[EventDate "2016.08.18"]

1. e4 c6 2. Nc3 d5 3. Nf3 Bg4 4. h3 Bxf3 5. Qxf3 e6 6. d3 Bb4 7. Bd2 d4 8. Nd1
Bxd2+ 9. Kxd2 Qg5+ 10. Ke2 Nf6 11. h4 Qc5 12. Kd2 Nbd7 13. Be2 Qa5+ 14. Kc1
O-O-O 15. g4 g5 16. Qg3 h6 17. f3 Qe5 18. Qxe5 Nxe5 19. Nf2 Ng6 20. h5 Nf4 21.
Kd2 Nd7 22. Rhb1 Ne5 23. b4 a6 24. a4 Kc7 25. Rb3 Rd6 26. Nd1 Ra8 27. Nb2 Rdd8
28. Nc4 Nxc4+ 29. dxc4 f5 30. b5 c5 31. bxa6 bxa6 32. Rab1 Rab8 33. exf5 exf5
34. Bd3 Rxb3 35. Rxb3 fxg4 36. fxg4 Rb8 37. Rxb8 Kxb8 38. a5 Kc7 39. Ke1 Ne6
40. Kf2 Nd8 41. Be4 Nf7 42. Bd5 Ne5 43. Kg3 Kd6 44. Kh3 d3 45. cxd3 Nxd3 46.
Kg3 Ke5 47. Bb7 Nc1 48. Kf3 Kd4 49. Bxa6 Nb3 50. Bc8 Nxa5 51. Ke2 Nxc4 52. Be6
Ne3 53. Kd2 c4 54. Bd7 c3+ 55. Kc1 Ke4 56. Bc6+ Kf4 57. Bd7 Nxg4 58. Kc2 Nf6
59. Bc6 Nxh5 60. Kxc3 Ke3 61. Kc2 Nf4 62. Kd1 Kf2 0-1

[Event "European Youth Chess Championship B14"]
[Site "Prague, Top Hotel Prague"]
[Date "2016.08.27"]
[Round "9.28"]
[White "Parkhov, Yair"]
[Black "Kamer, Kayra"]
[Result "1-0"]
[WhiteElo "2102"]
[BlackElo "2041"]
[PlyCount "93"]
[EventDate "2016.08.18"]

1. d4 Nf6 2. c4 g6 3. Nc3 Bg7 4. e4 d6 5. h3 O-O 6. Bg5 c5 7. d5 e6 8. Bd3 exd5
9. exd5 Re8+ 10. Kf1 Nbd7 11. Nf3 Ne5 12. Nxe5 Rxe5 13. Qd2 b5 14. Nxb5 Ne4 15.
Bxe4 Rxg5 16. Re1 Be5 17. g3 Qf6 18. Kg2 h5 19. h4 Rg4 20. Qd3 a6 21. Nc3 Rb8
22. Nd1 Bf5 23. Bxf5 gxf5 24. Ne3 Rg6 25. Nxf5 Rxb2 26. Re3 Rxa2 27. Rf3 Kh8
28. Rb1 Rb2 29. Rxb2 Bxb2 30. Nh6 Rxh6 31. Rxf6 Bxf6 32. Qa3 Rg6 33. Qxa6 Bxh4
34. Kh3 Bg5 35. f4 Bh6 36. Qc8+ Kg7 37. Qf5 Rf6 38. Qe4 Rg6 39. Qe2 Rg4 40.
Qb2+ Kh7 41. Qb6 Bg7 42. Qxd6 Bd4 43. Qe7 Kg7 44. d6 Bf6 45. Qe8 Rg6 46. d7 h4
47. g4 1-0

[Event "European Youth Chess Championship B14"]
[Site "Prague, Top Hotel Prague"]
[Date "2016.08.27"]
[Round "9.29"]
[White "Golikov, Daniil"]
[Black "Shmavonyan, Areg"]
[Result "1-0"]
[WhiteElo "2098"]
[BlackElo "1998"]
[PlyCount "79"]
[EventDate "2016.08.18"]

1. d4 d5 2. c4 e6 3. Nc3 c6 4. Nf3 dxc4 5. a4 Bb4 6. e4 b5 7. e5 Ne7 8. Bd2
Bxc3 9. bxc3 Bb7 10. Ng5 Nd7 11. Qf3 O-O 12. axb5 h6 13. Nh3 Qb6 14. bxc6 Bxc6
15. Qg4 Qb2 16. Rc1 Rfd8 17. Bxc4 Nf5 18. Bf4 Rac8 19. Ba6 Bb5 20. Bxb5 Qxb5
21. Qe2 Rc4 22. O-O Rdc8 23. Bd2 Nb6 24. g4 Ne7 25. g5 hxg5 26. Nxg5 Nf5 27.
Qh5 Qe8 28. Qh7+ Kf8 29. Ne4 Ke7 30. Ra1 Na4 31. Rfb1 Qc6 32. Nd6 Nxd6 33.
exd6+ Qxd6 34. Qxg7 Ke8 35. Rb7 Qf8 36. Qg5 a6 37. Bf4 Nxc3 38. Rxa6 Ne2+ 39.
Kf1 Nxf4 40. Qb5+ 1-0

[Event "European Youth Chess Championship B14"]
[Site "Prague, Top Hotel Prague"]
[Date "2016.08.27"]
[Round "9.30"]
[White "Nehyba, Martin"]
[Black "Michaelides, Konstantinos"]
[Result "0-1"]
[WhiteElo "1824"]
[BlackElo "2092"]
[PlyCount "60"]
[EventDate "2016.08.18"]

1. e4 e6 2. d4 d5 3. Nc3 Bb4 4. a3 Bxc3+ 5. bxc3 dxe4 6. Qg4 Nf6 7. Qxg7 Rg8 8.
Qh6 Nbd7 9. Ne2 c5 10. Bb2 Qa5 11. h3 b6 12. O-O-O Bb7 13. Ng3 O-O-O 14. Qf4
Nd5 15. Qxf7 Nxc3 16. Bxc3 Qxc3 17. Kb1 Bd5 18. Ba6+ Kb8 19. Qf4+ Ka8 20. Nxe4
Qxa3 21. c4 Rdf8 22. Qh4 Qxa6 23. cxd5 exd5 24. Nc3 Qa3 25. Kc2 Rxg2 26. Rhf1
c4 27. Rc1 Qd6 28. Kb2 b5 29. Ra1 Qb4+ 30. Ka2 Qb3# 0-1

[Event "European Youth Chess Championship B14"]
[Site "Prague, Top Hotel Prague"]
[Date "2016.08.27"]
[Round "9.31"]
[White "Petr, Jakub"]
[Black "Kaasen, Tor Fredrik"]
[Result "1-0"]
[WhiteElo "1917"]
[BlackElo "2229"]
[PlyCount "119"]
[EventDate "2016.08.18"]

1. e4 e6 2. d4 d5 3. Nd2 h6 4. Ngf3 Nf6 5. Bd3 c5 6. exd5 exd5 7. dxc5 Bxc5 8.
O-O O-O 9. Nb3 Bb6 10. c3 Nc6 11. Nbd4 Bg4 12. h3 Bh5 13. Be2 Ne4 14. Be3 Qf6
15. Nc2 Bxe3 16. Nxe3 Rad8 17. Qc2 Rfe8 18. Rad1 Ng3 19. fxg3 Rxe3 20. g4 Bg6
21. Bd3 Rxd3 22. Rxd3 Na5 23. Nd4 Qa6 24. Nf5 Bxf5 25. gxf5 Nc4 26. b3 Ne5 27.
Rg3 f6 28. Qd2 Kh7 29. Rf4 Qa5 30. Kh2 Rd7 31. Ra4 Qc5 32. Qd4 b6 33. Re3 Qd6
34. Qf4 Qc5 35. Rd4 Nc6 36. Rd2 Qa3 37. Red3 Qc1 38. Qg3 Ne5 39. Rxd5 Qxd2 40.
Rxd2 Rxd2 41. a4 Rd3 42. Qe1 Kh8 43. b4 Kh7 44. Qc1 Rd7 45. Kg1 Rc7 46. Qe3 Rd7
47. Qc1 Nc4 48. Qf1 Nb2 49. Qa6 Rc7 50. a5 bxa5 51. Qxa5 Re7 52. Kh2 Nd1 53. c4
Ne3 54. c5 Rd7 55. c6 Rd2 56. Qxa7 Nxg2 57. Qd7 Rb2 58. Qd4 Re2 59. Qg4 Nf4+
60. Qxe2 1-0

[Event "European Youth Chess Championship B14"]
[Site "Prague, Top Hotel Prague"]
[Date "2016.08.27"]
[Round "9.32"]
[White "De, Boer Eelke"]
[Black "Veiga, Jose Francisco R P N"]
[Result "0-1"]
[WhiteElo "2183"]
[BlackElo "2001"]
[PlyCount "104"]
[EventDate "2016.08.18"]

1. e4 c5 2. Nf3 Nc6 3. d4 cxd4 4. Nxd4 g6 5. c4 Bg7 6. Be3 Nf6 7. Nc3 O-O 8.
Be2 d6 9. O-O Bd7 10. Qd2 Nxd4 11. Bxd4 Bc6 12. f3 a5 13. b3 Nd7 14. Be3 Nc5
15. Rab1 Qb6 16. Rfc1 Rfc8 17. Rc2 Qd8 18. Bf1 h5 19. Kh1 Kh7 20. a3 Be5 21.
Qf2 e6 22. Bd4 Bxd4 23. Qxd4 e5 24. Qd1 b6 25. Rd2 Nb7 26. Nd5 Bxd5 27. Rxd5
Qe7 28. Be2 Rd8 29. b4 axb4 30. axb4 Ra2 31. Rb5 Qc7 32. Bd3 Ra3 33. Ra1 Rda8
34. Rxa3 Rxa3 35. Bf1 Nd8 36. Rd5 Ne6 37. Rxd6 Nd4 38. Rd5 Qa7 39. h3 Ra1 40.
Qd3 Qa4 41. Kg1 Rd1 42. Qe3 Qa1 43. Qf2 Qc1 44. c5 b5 45. c6 Qxc6 46. Rc5 Qa6
47. Kh2 Qa1 48. Bxb5 Rh1+ 49. Kg3 Nxb5 50. Rxb5 g5 51. Qd2 Qg1 52. Rb7 Rxh3+
0-1

[Event "European Youth Chess Championship B14"]
[Site "Prague, Top Hotel Prague"]
[Date "2016.08.27"]
[Round "9.33"]
[White "Milosevic, Milos"]
[Black "Mladek, Richard"]
[Result "0-1"]
[WhiteElo "2132"]
[BlackElo "2015"]
[PlyCount "116"]
[EventDate "2016.08.18"]

1. d4 Nf6 2. Nf3 c5 3. d5 b5 4. c4 bxc4 5. Nc3 g6 6. e4 d6 7. Bxc4 Bg7 8. O-O
Nbd7 9. h3 O-O 10. Re1 Nh5 11. Bg5 h6 12. Be3 Rb8 13. Qd2 Kh7 14. Rab1 Qa5 15.
g4 Nhf6 16. Bf4 Nb6 17. Bf1 Rd8 18. a3 c4 19. Na2 Qa4 20. Nb4 Bd7 21. Nd4 Rbc8
22. Re3 e5 23. dxe6 Bxe6 24. Be2 d5 25. e5 Ne4 26. Qe1 a5 27. Nbc2 Nd7 28. b3
cxb3 29. Bb5 bxc2 30. Bxa4 cxb1=Q 31. Qxb1 Nc3 32. Qb3 Nxa4 33. Qxa4 Rc4 34.
Qd1 Rdc8 35. Qd2 Rxd4 36. Qxd4 Rc4 37. Qa7 Rxf4 38. Qxa5 Nxe5 39. Qc7 Rc4 40.
Qd8 d4 41. Re4 Rc8 42. Qa5 Nc4 43. Qa6 Rc5 44. Qa7 Rd5 45. Qc7 Nd6 46. Re1 d3
47. Rd1 Ne4 48. f3 Nc3 49. Rd2 Be5 50. Qc6 Ne2+ 51. Kf1 Nf4 52. h4 Bd4 53. h5
Rc5 54. hxg6+ Kg7 55. Qa4 Be3 56. Rd1 d2 57. Rxd2 Rc1+ 58. Qd1 Bxd2 0-1

[Event "European Youth Chess Championship B14"]
[Site "Prague, Top Hotel Prague"]
[Date "2016.08.27"]
[Round "9.34"]
[White "Golding, Alex"]
[Black "Stevanic, David"]
[Result "1-0"]
[WhiteElo "1958"]
[BlackElo "2127"]
[PlyCount "99"]
[EventDate "2016.08.18"]

1. e4 e5 2. Nf3 Nc6 3. Nc3 Nf6 4. g3 g6 5. d4 exd4 6. Nxd4 d6 7. Bg2 Nxd4 8.
Qxd4 Bg7 9. O-O O-O 10. Qd3 Bd7 11. h3 Bc6 12. Be3 Nd7 13. f4 f5 14. Qc4+ Kh8
15. Bd4 fxe4 16. Bxg7+ Kxg7 17. Bxe4 Nb6 18. Qd4+ Qf6 19. Qxf6+ Rxf6 20. Bxc6
bxc6 21. b3 Re8 22. Rae1 Rfe6 23. Kf2 d5 24. Rxe6 Rxe6 25. Re1 Rxe1 26. Kxe1
Kf6 27. Kf2 h5 28. Kf3 a6 29. a4 Nd7 30. g4 hxg4+ 31. hxg4 g5 32. b4 Nb6 33. a5
Nc4 34. Na4 Nd2+ 35. Ke2 Ne4 36. f5 Ke5 37. Nc5 Nc3+ 38. Kd2 d4 39. Nxa6 Ne4+
40. Ke1 Kd6 41. Nc5 Nc3 42. a6 Nb5 43. Ne4+ Kd5 44. Nxg5 c5 45. bxc5 Kxc5 46.
Ne6+ Kb6 47. f6 Nd6 48. g5 Nf7 49. g6 Ne5 50. g7 1-0

[Event "European Youth Chess Championship B14"]
[Site "Prague, Top Hotel Prague"]
[Date "2016.08.27"]
[Round "9.35"]
[White "Martirosyan, Ara"]
[Black "Morgunov, Daniel"]
[Result "0-1"]
[WhiteElo "1839"]
[BlackElo "2098"]
[PlyCount "66"]
[EventDate "2016.08.18"]

1. Nf3 Nf6 2. c4 g6 3. Nc3 Bg7 4. d4 O-O 5. Bf4 d6 6. h3 c5 7. e3 cxd4 8. exd4
d5 9. b3 Nc6 10. Be2 Ne4 11. Nxd5 e6 12. Nc7 e5 13. Bxe5 Nxe5 14. Nxa8 Qa5+ 15.
Kf1 Nc6 16. a3 Bd7 17. b4 Qd8 18. Rc1 Qxa8 19. d5 Ne5 20. Nd4 Qd8 21. Qc2 Nxf2
22. Kxf2 Qh4+ 23. Kf1 Qxd4 24. Rd1 Qf4+ 25. Kg1 Qe3+ 26. Kf1 Bh6 27. Bd3 Re8
28. Qe2 Qf4+ 29. Kg1 Nxc4 30. Qf2 Qxf2+ 31. Kxf2 Nb2 32. Rb1 Nxd3+ 33. Kf3 Re3#
0-1

[Event "European Youth Chess Championship B14"]
[Site "Prague, Top Hotel Prague"]
[Date "2016.08.27"]
[Round "9.36"]
[White "Lisnyak, Vladislav"]
[Black "Buitron, Ramil David"]
[Result "1/2-1/2"]
[WhiteElo "2075"]
[BlackElo "1949"]
[PlyCount "64"]
[EventDate "2016.08.18"]

1. e4 c5 2. Nf3 d6 3. d4 cxd4 4. Nxd4 Nf6 5. Nc3 g6 6. Be3 Bg7 7. f3 O-O 8. Qd2
Nc6 9. O-O-O d5 10. Qe1 e5 11. Nxc6 bxc6 12. Bc5 Bh6+ 13. Kb1 d4 14. Bxf8 Qxf8
15. Na4 Be6 16. Qa5 Nd7 17. Qa6 Nb6 18. a3 Qb8 19. Nc5 Bc8 20. Qa5 Bf8 21. Ka1
Bd6 22. Na4 Bc7 23. Nxb6 axb6 24. Qd2 b5 25. Be2 b4 26. b3 bxa3 27. Rb1 Ba5 28.
b4 Bb6 29. Bc4 Qa7 30. Ka2 c5 31. Bd5 Rb8 32. bxc5 Ba5 1/2-1/2

[Event "European Youth Chess Championship B14"]
[Site "Prague, Top Hotel Prague"]
[Date "2016.08.27"]
[Round "9.37"]
[White "Vuckovic, Marko"]
[Black "Dolansky, Lukas"]
[Result "1/2-1/2"]
[WhiteElo "1834"]
[BlackElo "2067"]
[PlyCount "28"]
[EventDate "2016.08.18"]

1. e4 e5 2. Nf3 Nc6 3. d4 exd4 4. Nxd4 Bc5 5. Nb3 Bb6 6. Nc3 d6 7. Qe2 Nf6 8.
Bg5 h6 9. Bh4 a5 10. O-O-O g5 11. Bg3 Qe7 12. f3 a4 13. Nd2 a3 14. b3 Be6
1/2-1/2

[Event "European Youth Chess Championship B14"]
[Site "Prague, Top Hotel Prague"]
[Date "2016.08.27"]
[Round "9.38"]
[White "Pravda, Krystof"]
[Black "Kopylov, Daniel"]
[Result "0-1"]
[WhiteElo "1682"]
[BlackElo "2050"]
[PlyCount "78"]
[EventDate "2016.08.18"]

1. e4 c5 2. Bc4 Nc6 3. c3 Nf6 4. Qe2 d6 5. f4 Bg4 6. Nf3 d5 7. exd5 Nxd5 8. O-O
e6 9. d3 Be7 10. Nbd2 Nxf4 11. Qe4 Bxf3 12. Qxf3 g5 13. g3 Ne5 14. Bb5+ Kf8 15.
Qe4 Nfg6 16. Nf3 Nxf3+ 17. Qxf3 Ne5 18. Qe4 Qd6 19. Qxb7 Rb8 20. Qa6 Qd5 21.
Bc4 Nf3+ 22. Kf2 Qf5 23. Kg2 g4 24. Bh6+ Kg8 25. Qxa7 Bd6 26. Bc1 Qh5 27. Rh1
Qh3+ 28. Kf2 Nxh2 29. Rg1 Bxg3+ 30. Ke2 Bd6 31. Kd1 Nf3 32. Qd7 Nxg1 33. Qxd6
Re8 34. Qxc5 Nf3 35. Bb5 Qf1+ 36. Kc2 Rb8 37. Qc4 h5 38. Bf4 Qf2+ 39. Kb3 e5
0-1

[Event "European Youth Chess Championship B14"]
[Site "Prague, Top Hotel Prague"]
[Date "2016.08.27"]
[Round "9.39"]
[White "Vodila, Martin Botond"]
[Black "Mavrev, David"]
[Result "1-0"]
[WhiteElo "2047"]
[BlackElo "1854"]
[PlyCount "95"]
[EventDate "2016.08.18"]

1. e4 e6 2. d4 d5 3. exd5 exd5 4. Bd3 c5 5. Qe2+ Be7 6. dxc5 Nf6 7. Nf3 O-O 8.
O-O Re8 9. c3 Bxc5 10. Qc2 Nc6 11. Bg5 h6 12. Bh4 g5 13. Bg3 Ne4 14. Rd1 Nxg3
15. hxg3 Qd6 16. Kf1 Bg4 17. Bf5 Bxf5 18. Qxf5 Qe6 19. Qxe6 fxe6 20. Nbd2 Rad8
21. Nb3 Bb6 22. Rd2 Kf7 23. Rad1 Re7 24. Nbd4 a6 25. Nxc6 bxc6 26. Ne5+ Kf6 27.
Nxc6 Red7 28. Nxd8 Rxd8 29. Ke2 Ke5 30. Rh1 Rf8 31. Rxh6 Rxf2+ 32. Kd3 Kf5 33.
Re2 Rxe2 34. Kxe2 Bc7 35. Rh7 Bxg3 36. Ra7 e5 37. Rxa6 d4 38. cxd4 exd4 39. Ra3
Bd6 40. Rd3 Ke4 41. a4 Bb4 42. Rb3 Ba5 43. Rb5 d3+ 44. Kd1 Bd8 45. a5 Bf6 46.
a6 Bd4 47. Rb4 Ke3 48. Rxd4 1-0

[Event "European Youth Chess Championship B14"]
[Site "Prague, Top Hotel Prague"]
[Date "2016.08.27"]
[Round "9.40"]
[White "Jazdanovs, Aleksandrs"]
[Black "Fossan, Aleksander"]
[Result "1-0"]
[WhiteElo "2040"]
[BlackElo "1834"]
[PlyCount "89"]
[EventDate "2016.08.18"]

1. e4 c5 2. Nf3 g6 3. d4 cxd4 4. Nxd4 Bg7 5. c4 Nc6 6. Be3 Nf6 7. Nc3 Ng4 8.
Qxg4 Nxd4 9. Qd1 e5 10. Bd3 O-O 11. O-O d6 12. Qd2 Qh4 13. Ne2 h6 14. Bxd4 exd4
15. Bc2 Qf6 16. Qd3 Be6 17. Rad1 Rac8 18. Bb3 Rc6 19. f4 Rfc8 20. Rc1 Bg4 21.
Rc2 Bxe2 22. Rxe2 Qd8 23. e5 dxe5 24. fxe5 Rc5 25. e6 f5 26. Ba4 Qe7 27. b3 Rf8
28. Kh1 Re5 29. Bd7 Rxe2 30. Qxe2 a5 31. c5 Bf6 32. Qc4 Kg7 33. Qd5 Rb8 34. Re1
d3 35. Rd1 Bg5 36. Qe5+ Bf6 37. Qxb8 Qxc5 38. Qg3 d2 39. Qd3 Bg5 40. Rxd2 Bxd2
41. Qxd2 Qe5 42. Kg1 Qc5+ 43. Kf1 Qe5 44. Qe1 Qf4+ 45. Kg1 1-0

[Event "European Youth Chess Championship B14"]
[Site "Prague, Top Hotel Prague"]
[Date "2016.08.27"]
[Round "9.41"]
[White "Loukopoulos, Panagiotis-Athana"]
[Black "Ongut, Tamas Gunes"]
[Result "1/2-1/2"]
[WhiteElo "1663"]
[BlackElo "2063"]
[PlyCount "96"]
[EventDate "2016.08.18"]

1. e4 e6 2. d4 d5 3. e5 c5 4. c3 Nc6 5. Nf3 Qb6 6. Na3 cxd4 7. cxd4 Bb4+ 8. Bd2
Nge7 9. Nc2 Bxd2+ 10. Qxd2 Qxb2 11. Bd3 Qb6 12. Qg5 Qa5+ 13. Ke2 Ng6 14. h4 O-O
15. h5 h6 16. Qe3 Nge7 17. g4 f5 18. exf6 Rxf6 19. g5 Nf5 20. Qc1 Rf8 21. gxh6
e5 22. hxg7 Nxg7 23. h6 Ne6 24. h7+ Kh8 25. Qh6 Nf4+ 26. Kf1 Bg4 27. Nh4 Qc3
28. Ng6+ Nxg6 29. Qxg6 Ne7 30. Qxg4 Qxd3+ 31. Qe2 Qxe2+ 32. Kxe2 Rac8 33. Rac1
e4 34. Ne3 Rc6 35. Rcg1 Rcf6 36. Rh2 R6f7 37. Rc1 Nc6 38. Nxd5 Nxd4+ 39. Ke3
Nf3 40. Rh5 Re8 41. Rc4 Ne5 42. Rxe4 Ng4+ 43. Kd4 Rxe4+ 44. Kxe4 Nxf2+ 45. Kd4
Rxh7 46. Rxh7+ Kxh7 47. Nc7 Kg6 48. Nb5 a6 1/2-1/2

[Event "European Youth Chess Championship B14"]
[Site "Prague, Top Hotel Prague"]
[Date "2016.08.27"]
[Round "9.42"]
[White "Popvasilev, Kaloyan"]
[Black "Maache, Jawad"]
[Result "0-1"]
[WhiteElo "1860"]
[BlackElo "2090"]
[PlyCount "42"]
[EventDate "2016.08.18"]

1. e4 d5 2. exd5 Qxd5 3. Nf3 Bg4 4. Be2 Nc6 5. d4 O-O-O 6. Be3 e5 7. c4 Qa5+ 8.
Bd2 Qa6 9. d5 Bxf3 10. Bxf3 Nd4 11. b3 Qg6 12. O-O Nf6 13. Nc3 e4 14. Be2 Bd6
15. Be3 Nf5 16. Qd2 Nh4 17. g3 Nf3+ 18. Bxf3 exf3 19. Bg5 Qf5 20. Nd1 Qh3 21.
Ne3 Ng4 0-1

[Event "European Youth Chess Championship B14"]
[Site "Prague, Top Hotel Prague"]
[Date "2016.08.27"]
[Round "9.43"]
[White "Georgakopoulos, Nikolaos K"]
[Black "Zaza, Alexandre"]
[Result "1-0"]
[WhiteElo "2059"]
[BlackElo "1834"]
[PlyCount "51"]
[EventDate "2016.08.18"]

1. e4 c5 2. Nf3 Nc6 3. d4 cxd4 4. Nxd4 g6 5. c4 Bg7 6. Be3 Nf6 7. Nc3 d6 8. Be2
O-O 9. f3 Bd7 10. Nc2 a5 11. O-O Nb4 12. Rc1 Bc6 13. Nd4 Nd7 14. Qd2 Nc5 15.
Rfd1 Qd7 16. b3 Rfd8 17. Qb2 Nba6 18. a3 Qc8 19. Qb1 Nc7 20. b4 axb4 21. axb4
N5e6 22. Nb3 Ba4 23. Bb6 Bxb3 24. Qxb3 Ra6 25. Nd5 Nxd5 26. cxd5 1-0

[Event "European Youth Chess Championship B14"]
[Site "Prague, Top Hotel Prague"]
[Date "2016.08.27"]
[Round "9.44"]
[White "Gherghel-Butan, Mircea"]
[Black "Isfan, Ioan-Marius"]
[Result "0-1"]
[WhiteElo "1892"]
[BlackElo "2011"]
[PlyCount "136"]
[EventDate "2016.08.18"]

1. d4 Nf6 2. c4 e6 3. Nf3 Bb4+ 4. Bd2 Qe7 5. g3 Bxd2+ 6. Qxd2 O-O 7. Bg2 d6 8.
Nc3 e5 9. O-O Re8 10. dxe5 dxe5 11. Nd5 Qd6 12. Rfd1 c6 13. Nxf6+ Qxf6 14. Qc3
Nd7 15. Nd2 Qe7 16. Nb3 Nf6 17. Na5 c5 18. Rd2 e4 19. Rad1 Qc7 20. f3 Bf5 21.
Nb3 b6 22. Nc1 h6 23. fxe4 Bxe4 24. Bf3 Bxf3 25. exf3 Re7 26. Ne2 Nh5 27. Kf2
Rae8 28. Nc1 Qc8 29. Ne2 Qh3 30. Kg1 Re3 31. Qc2 Rxf3 32. Rd8 Rfe3 33. Qd2 Qe6
34. Nc3 Nf6 35. Rxe8+ Qxe8 36. Nd5 Nxd5 37. Qxd5 Re1+ 38. Rxe1 Qxe1+ 39. Kg2
Qe2+ 40. Kh3 Qe6+ 41. Qxe6 fxe6 42. Kg4 Kf7 43. Kf4 Kf6 44. g4 e5+ 45. Ke4 Ke6
46. Ke3 g6 47. Ke4 h5 48. h3 hxg4 49. hxg4 Kf6 50. a3 a5 51. b3 Kg5 52. Kxe5
Kxg4 53. Kd5 Kf4 54. Kc6 g5 55. Kxb6 g4 56. Kxc5 g3 57. Kb6 g2 58. Kxa5 g1=Q
59. b4 Ke5 60. c5 Ke6 61. Ka6 Kd7 62. Kb7 Qg2+ 63. Kb6 Qc6+ 64. Ka5 Qa8+ 65.
Kb6 Qxa3 66. c6+ Kc8 67. b5 Qe3+ 68. Ka6 Kc7 0-1

[Event "European Youth Chess Championship B14"]
[Site "Prague, Top Hotel Prague"]
[Date "2016.08.27"]
[Round "9.45"]
[White "Nilsen, Tobias Lang"]
[Black "Slobodiansky, Steven"]
[Result "0-1"]
[WhiteElo "1987"]
[BlackElo "1891"]
[PlyCount "80"]
[EventDate "2016.08.18"]

1. e4 e6 2. d4 d5 3. Nd2 Nf6 4. e5 Nfd7 5. Bd3 c5 6. c3 Nc6 7. Ne2 cxd4 8. cxd4
f6 9. exf6 Nxf6 10. Nf3 Bd6 11. O-O O-O 12. Bg5 Qe8 13. Bh4 Nh5 14. Qc2 g6 15.
Qd2 Bd7 16. Qh6 Qf7 17. Rad1 Qg7 18. Qe3 Nf4 19. Bb5 Rae8 20. Bxc6 Bxc6 21. Ne5
Bxe5 22. dxe5 Nxg2 23. Bf6 Nxe3 24. Bxg7 Nxf1 25. Bxf8 Rxf8 26. Rxf1 Rf5 27. f4
Bb5 28. Kf2 Kf7 29. Ke3 g5 30. a4 Bxe2 31. Kxe2 Rxf4 32. Rc1 Rc4 33. Rf1+ Ke7
34. Kd3 Rxa4 35. Rc1 Kd7 36. Rf1 Rf4 37. Rg1 h6 38. Ra1 a6 39. h4 Rxh4 40. Rf1
Re4 0-1

[Event "European Youth Chess Championship B14"]
[Site "Prague, Top Hotel Prague"]
[Date "2016.08.27"]
[Round "9.46"]
[White "Novotny, Martin"]
[Black "Kreutzmann, Duke"]
[Result "1/2-1/2"]
[WhiteElo "1557"]
[BlackElo "1975"]
[PlyCount "65"]
[EventDate "2016.08.18"]

1. d4 e6 2. c4 Bb4+ 3. Nc3 c5 4. e3 Nc6 5. Nge2 b6 6. a3 Ba5 7. Bd2 Nf6 8. g3
Ba6 9. b3 O-O 10. Bg2 Rc8 11. O-O d5 12. cxd5 exd5 13. Re1 Re8 14. Rb1 cxd4 15.
exd4 Bd3 16. b4 Bxb1 17. Qxb1 Qd6 18. bxa5 Nxa5 19. Nb5 Qd7 20. Bxa5 bxa5 21.
Qd3 Rb8 22. Rb1 a6 23. Nbc3 Rxb1+ 24. Qxb1 Qd6 25. Qa2 Rd8 26. a4 Qe6 27. Kf1
Qc6 28. Qb3 Qd6 29. Kg1 Rb8 30. Qa2 Rd8 31. Nf4 Qb6 32. Nfe2 Qd6 33. Nf4
1/2-1/2

[Event "European Youth Chess Championship B14"]
[Site "Prague, Top Hotel Prague"]
[Date "2016.08.27"]
[Round "9.47"]
[White "Stage-Steffensen, Sander"]
[Black "Mahmutbegovic, Muharem"]
[Result "1/2-1/2"]
[WhiteElo "1688"]
[BlackElo "1966"]
[PlyCount "85"]
[EventDate "2016.08.18"]

1. e4 c5 2. Nc3 d6 3. f4 Nc6 4. Nf3 Nf6 5. Bb5 a6 6. Bxc6+ bxc6 7. d3 e6 8. O-O
Be7 9. Kh1 Qc7 10. Qe1 Bd7 11. Bd2 O-O 12. h3 Rab8 13. b3 Kh8 14. Rg1 Ng8 15.
g4 f5 16. g5 Be8 17. Ne2 e5 18. exf5 exf4 19. Nxf4 Rxf5 20. Ne6 Qd7 21. Bc3 Bf8
22. Nh4 Rd5 23. Kh2 Bf7 24. Nf4 Re8 25. Qd2 Rde5 26. Bxe5 dxe5 27. Ne2 e4 28.
Ng3 Bd6 29. Rad1 e3 30. Qe2 a5 31. c4 Bf4 32. Rgf1 Bxg5 33. Ng2 Be6 34. Nf4
Bxf4 35. Rxf4 Bxh3 36. Re4 Rf8 37. Qxe3 Nf6 38. Rf4 Re8 39. Rxf6 gxf6 40. Qh6
Be6 41. Qxf6+ Qg7 42. Qxg7+ Kxg7 43. Ne4 1/2-1/2

[Event "European Youth Chess Championship B14"]
[Site "Prague, Top Hotel Prague"]
[Date "2016.08.27"]
[Round "9.48"]
[White "Huynh, Laurent"]
[Black "Kuznecovs, Nikita"]
[Result "0-1"]
[WhiteElo "1934"]
[BlackElo "1809"]
[PlyCount "92"]
[EventDate "2016.08.18"]

1. d4 Nf6 2. e3 g6 3. Bd3 Bg7 4. f4 O-O 5. Nf3 d6 6. O-O Nbd7 7. c3 c6 8. Nbd2
e5 9. Ne4 Nxe4 10. Bxe4 Nf6 11. Bc2 Be6 12. fxe5 dxe5 13. Nxe5 Nd5 14. e4 Nb6
15. Nf3 h6 16. Bd3 g5 17. Qe1 c5 18. d5 Bg4 19. h3 Bh5 20. c4 Nd7 21. g4 Bg6
22. h4 Ne5 23. Nxe5 Bxe5 24. hxg5 hxg5 25. Qe2 Kg7 26. Be3 Rh8 27. Bxc5 Rh3 28.
Rf3 Rh4 29. Raf1 Qc7 30. Qe3 Rah8 31. Bd4 Kg8 32. Bxe5 Qxe5 33. Kf2 Rxg4 34.
Ke1 Rhh4 35. Kd1 Qxb2 36. d6 Qa1+ 37. Kd2 Qxa2+ 38. Kd1 Rxe4 39. Qxg5 Qb3+ 40.
Kd2 Rh2+ 41. R1f2 Qb4+ 42. Kc1 Re1+ 43. Kc2 Qxc4+ 44. Kb2 Qb4+ 45. Ka2 Qa4+ 46.
Kb2 Qd4+ 0-1